000 00560nam a2200193Ia 4500
005 20250326143233.0
008 250326s9999 xx 000 0 und d
020 _a0-415-33425-X
037 _aTextbook
040 _aFMSL
_beng
_cFMSL
041 _aeng
_2eng
084 _aX:8ogB28 P4
_qFMSL
100 _aDewberry Chris
_9145362
245 0 _aStatistical methods for organizational research
_cDewberry Chris
260 _aLondon
_bLondon, Routledge
_c2004
300 _axxiii,341
942 _cTB
_hX:8ogB28 P4
999 _c1298727
_d1298727